Photogallery (Record no. 508774)

000 -LEADER
fixed length control field 00389nam a22001337a 4500
082 ## - DEWEY DECIMAL CLASSIFICATION NUMBER
Classification number Y4 F76
100 ## - MAIN ENTRY--PERSONAL NAME
Personal name Forest Research Institute
9 (RLIN) 4261
245 ## - TITLE STATEMENT
Title Photogallery
Statement of responsibility, etc Forest Research Institute
260 ## - PUBLICATION, DISTRIBUTION, ETC. (IMPRINT)
Place of publication, distribution, etc Dehradun
Name of publisher, distributor, etc Forest Research Institute
Date of publication, distribution, etc 2009
300 ## - PHYSICAL DESCRIPTION
Extent 58p.
650 ## - SUBJECT ADDED ENTRY--TOPICAL TERM
Topical term or geographic name as entry element Forests and forestry -- India.
9 (RLIN) 9164
650 ## - SUBJECT ADDED ENTRY--TOPICAL TERM
Topical term or geographic name as entry element Forests and forestry
9 (RLIN) 9165
650 ## - SUBJECT ADDED ENTRY--TOPICAL TERM
Topical term or geographic name as entry element India.
9 (RLIN) 9166
Holdings
Withdrawn status Lost status Source of classification or shelving scheme Damaged status Koha normalized classification for sorting Not for loan Permanent location Current location Date acquired Full call number Barcode Date last seen Price effective from Koha item type
        Y_4_000000000000000_F76   Indian Institute of Public Administration Indian Institute of Public Administration 2019-04-10 Y4 F76 GR21034 2019-04-10 2019-04-10 GR

Powered by Koha